| 000 | 01279pam a2200301 a 4500 | ||
|---|---|---|---|
| 001 | 2541808 | ||
| 005 | 20170105102917.0 | ||
| 008 | 940616s1995 nyuabf b 001 0 eng | ||
| 010 | _a 94022301 | ||
| 020 | _a0195062949 (acidfree paper) | ||
| 040 |
_aDLC _cDLC _dDLC |
||
| 043 | _aa-af--- | ||
| 050 | 0 | 0 |
_aDS371.2 _b.C67 1995 |
| 082 | 0 | 0 |
_a958.104/5 _220 |
| 100 | 1 | _aCordovez, Diego. | |
| 245 | 1 | 0 |
_aOut of Afghanistan : _bthe inside story of the Soviet withdrawal / _cDiego Cordovez, Selig S. Harrison. |
| 260 |
_aNew York : _bOxford University Press, _c1995. |
||
| 300 |
_aix, 450 p., [8] p. of plates : _bill., maps ; _c25 cm. |
||
| 504 | _aIncludes bibliographical references (p. [399]-425) and index. | ||
| 610 | 2 | 0 |
_aUnited Nations _zAfghanistan. |
| 651 | 0 |
_aAfghanistan _xHistory _ySoviet occupation, 1979-1989 _xPersonal narratives. |
|
| 700 | 1 | _aHarrison, Selig S. | |
| 856 | 4 | 2 |
_3Publisher description _uhttp://www.loc.gov/catdir/enhancements/fy0603/94022301-d.html |
| 856 | 4 | 2 |
_3Contributor biographical information _uhttp://www.loc.gov/catdir/enhancements/fy0725/94022301-b.html |
| 906 |
_a7 _bcbc _corignew _d1 _eocip _f19 _gy-gencatlg |
||
| 942 |
_2ddc _cBK |
||
| 999 |
_c15401 _d15401 |
||